00867nam a2200253 a 450000500170000000800410001701000140005802000250007202000220009703500130011903700150013204000180014708200100016510000180017524501600019326000510035327000450040430000390044950000190048865000280050765000330053565000250056870000200059320090606144358.0071119s2008 nyua 000 0 eng  aENG-93933 a978007140639c250.00 a007140634c250.00 aEN-77466 bDBAD / PUB adplbEnglish  a152.4 aSegal, Jeanne aThe language of emotional intelligence :bthe five essential tools for building powerful and effective relationships /cby Jeanne Segal with Jaelline Jaffe aNew Delhi bTata McGraw-Hill Publishing c2008 a7 West Patel Nagar, bNew Delhi e110008 aviii, 225 p. :bill. ;c21cm(pbk)  aIncludes index aEmotional intelligence. aInterpersonal communication. aAttachment behavior. aJaffe, Jaelline